| 000 | 01982njm a2200313Ia 4500 | ||
|---|---|---|---|
| 001 | G7153 | ||
| 003 | IT-RoPAU | ||
| 005 | 20220918181201.0 | ||
| 008 | 131025s9999 xx 000 0 und d | ||
| 040 | _aIT-RoPAU | ||
| 040 | _cIT-RoPAU | ||
| 041 | _aITALIANO | ||
| 999 |
_c103017 _d103017 |
||
| 999 | _bn.d. | ||
| 100 |
_aParisi Antonio _928903 |
||
| 100 |
_eAutore musica _933027 |
||
| 100 |
_gCodice autore musica SPICS: 35389 _928905 |
||
| 245 | _aPentecoste: canti per la messa | ||
| 250 | _a1a ed. | ||
| 260 | _aROMA | ||
| 260 |
_bAUDIOVISIVI PAOLINE _c2000 [1a Ed.:1997 - Ed. Lingua Orig.: 1997] |
||
| 300 | _aCOMPACT DISC | ||
| 300 | _c40 minuti (Testo: 16 pag.) | ||
| 500 | _aMusica religiosa, liturgica. Incisione di 12 brani e libretto con testo e note sugli autori delle musiche. Realizzazione e direzione: Antonio Parisi; violoncello: Sara Gentile; tromba: Cesare Dell'Anna; registrazione: Studio Crescendo, Bari; tecnico del suono: Mario Bernardi; Digital Mastering: Marcello Spiridioni, Video Recording, Roma; grafica: Paola Baldo. | ||
| 505 | _aCanti per i riti iniziali: La luce pasquale risplende (Liberto-Di Simone, 4:21) - Oggi discendi Spirito Santo (Giudici-Galliano, 4:09) - Vieni Spirito consolatore (Recalcati-Galliano, 5:36) - Signore pietà (Parisi-Liturgia, 1:38) - Gloria 2 (Parisi-Liturgia, 3:41). Canti per la liturgia della parola: Del tuo Spirito Signore (Parisi-Liturgia, 2:07) - Vieni Santo Spirito (Rainoldi-Liturgia, 4:00) - Alleluia, vieni Santo Spirito (Parisi-Liturgia, 2:40) - O Spirito di Dio (M. Frisina, 2:30). Altri canti: Rugiada di fuoco (Parisi-Ladisa, 3:55) - Emitte Spiritum tuum (Parisi-Galliano, 3:46) - Vieni o Spirito creatore (Recalcati-Liturgia, 3:04). | ||
| 511 | _aCoro con voci soliste: Maria Luisa Dituri e Nicola Amodio diretti da Antonio Parisi | ||
| 650 |
_aLITURGICO [COMPACT DISC] _eCodice MATERIA SPICS: 9949 _927069 |
||
| 700 |
_aGalliano Annamaria _eAutore testo _gCodice autore testo SPICS: 5671 _933028 |
||
| 942 |
_cCD _2ddc |
||